000 00296nam a22001217a 4500
040 _cHS
082 _a616
100 _aផល អ៊ីម
245 _aរបាយការណ៍សិក្ខាសាលា
260 _aPhnom Penh
_bផល អ៊ីម
_c1999
300 _a54p;
942 _cKB
999 _c9959
_d9959